000 00761nam a2200241 a 4500
001 000033177
003 DO-SdBNP
005 20240530073935.0
008 110818s1995 dr 000 0 spa d
040 _aDO-SdBNP
_bspa
_cBNPHU
082 _aRD864.44
_bD249d
100 1 _aLeón David
_d1945-
_984930
245 1 0 _aDiotima o de la originalidad /
_cLeón David.
260 _aSanto Domingo :
_bUNPHU,
_c1995.
300 _a143 p. ;
_c23 cm.
586 _aPremio Pedro Henríquez Ureña de ensayo, 1994
590 _aInventariado, 2020/MFF
650 0 _aEnsayos dominicanos
_965
650 0 _aLiteratura dominicana.
_967
710 2 _aUniversidad Nacional Pedro Henríquez Ureña
_983980
910 _aValidado. Control de calidad MFF
942 _2ddc
_cLBS1
999 _c32668
_d32668